000 00422nam a2200169Ia 4500
008 130318s9999 xx 000 0 und d
020 _a198064403
082 _a621.382 15 ALL/C
100 _aAllen, Philip E
245 _aCMOS analog circuit design
250 _a2
260 _bOxford University Press
_aNew Delhi
_c2010
300 _a784
650 _aCIRCUIT DESIGN
650 _aCMOS
700 _aHolberg, Douglas R
999 _c1696
_d1696